<?xml version="1.0" encoding="UTF-8"?>
<record
    xmlns:xsi="http://www.w3.org/2001/XMLSchema-instance"
    xsi:schemaLocation="http://www.loc.gov/MARC21/slim http://www.loc.gov/standards/marcxml/schema/MARC21slim.xsd"
    xmlns="http://www.loc.gov/MARC21/slim">

  <leader>01198naa a22001817a 4500</leader>
  <controlfield tag="001">232580</controlfield>
  <controlfield tag="003">ES-MaBCM</controlfield>
  <controlfield tag="005">20260304113124.0</controlfield>
  <controlfield tag="008">260304s2024    sp ||||| |||| 00| 0 spa d</controlfield>
  <datafield tag="040" ind1=" " ind2=" ">
    <subfield code="c">ES-MaBCM</subfield>
  </datafield>
  <datafield tag="100" ind1="1" ind2=" ">
    <subfield code="a">Otero Parga, Milagros M.</subfield>
    <subfield code="9">34789</subfield>
  </datafield>
  <datafield tag="245" ind1="1" ind2="3">
    <subfield code="a">El desapego actual de la sociedad frente al derecho</subfield>
    <subfield code="c">Milagros Otero Parga</subfield>
  </datafield>
  <datafield tag="520" ind1=" " ind2=" ">
    <subfield code="a">Vivimos en una sociedad que muestra un gran desapego hacia el Derecho. Los ciudadanos no conf&#xED;an ni en sus legisladores, ni en sus jueces, ni en sus gobernantes. Se sienten enga&#xF1;ados. Esta situaci&#xF3;n, nefasta de por s&#xED;, produce efectos que atentan gravemente contra la democracia y el Estado de Derecho. Urge cambiar esa din&#xE1;mica, y es necesario hacerlo pronto, pues de otro modo, la convivencia se degradar&#xE1; hasta tal punto que ser&#xE1; dif&#xED;cil, sino imposible, asegurar una coexistencia en paz y justicia, y, por lo mismo, se ver&#xE1; comprometido el derecho de los ciudadanos a vivir en democracia.</subfield>
  </datafield>
  <datafield tag="650" ind1=" " ind2="7">
    <subfield code="a">Ciencia jur&#xED;dica</subfield>
    <subfield code="9">58276</subfield>
  </datafield>
  <datafield tag="650" ind1=" " ind2="7">
    <subfield code="a">Estado de Derecho</subfield>
    <subfield code="9">58617</subfield>
  </datafield>
  <datafield tag="773" ind1="0" ind2=" ">
    <subfield code="d">Madrid</subfield>
    <subfield code="g">N. 3 (jul.-sept. 2024), p. 431-453 - Loc. S.055</subfield>
    <subfield code="t">Revista general de legislaci&#xF3;n y jurisprudencia</subfield>
    <subfield code="w">104585</subfield>
  </datafield>
  <datafield tag="942" ind1=" " ind2=" ">
    <subfield code="2">udc</subfield>
    <subfield code="c">AREV</subfield>
  </datafield>
  <datafield tag="999" ind1=" " ind2=" ">
    <subfield code="c">232580</subfield>
    <subfield code="d">232580</subfield>
  </datafield>
  <datafield tag="952" ind1=" " ind2=" ">
    <subfield code="0">0</subfield>
    <subfield code="1">0</subfield>
    <subfield code="2">udc</subfield>
    <subfield code="4">0</subfield>
    <subfield code="7">0</subfield>
    <subfield code="a">BC</subfield>
    <subfield code="b">BC</subfield>
    <subfield code="c">SALA</subfield>
    <subfield code="d">2026-03-04</subfield>
    <subfield code="l">0</subfield>
    <subfield code="r">2026-03-04 11:31:30</subfield>
    <subfield code="w">2026-03-04</subfield>
    <subfield code="y">AREV</subfield>
  </datafield>
</record>
